| 000 | 00680nam a2200217 a 4500 | ||
|---|---|---|---|
| 999 |
_c7598 _d7598 |
||
| 001 | 7598 | ||
| 003 | BD-JhCC | ||
| 005 | 20181006170650.0 | ||
| 008 | 180212b1372 bg |||| ||a| 000 0 ben d | ||
| 035 | _a(BD-JhCC) 7598 | ||
| 040 |
_aBD-JhCC _dBD-JhCC |
||
| 041 | _aben | ||
| 082 |
_a071.471 _bBAN 1372 |
||
| 245 |
_aবাঙলা একাডেমী পত্রিকা / _c সৈয়দ আলী আহসান, |
||
| 260 |
_aঢাকা : _bবাংলা একাডেমী ঢাকা, _c1372 |
||
| 300 |
_a162 p .: _c24 cm . |
||
| 650 | _aNews Paper, Magazine | ||
| 700 | _aআহসান, সৈয়দ আলী | ||
| 942 |
_2ddc _cBK |
||